00502nam a2200205Ia 4500003000400000005001700004006001900021007000300040008004100043020001500084024001100099037001200110040001800122041001300140082001700153100001500170245003900185260006400224300000800288OSt20221007103116.0a|||||r|||| 00| 0 ta221006b |||||||| |||| 00| 0 eng d a8175342435 a12,253 cTextual aLCOcLCObeng 2engaeng aV2:2:(Z), P3 aPylee M.V. 0aConstitutional Amendments in India aDelhibUniversal Law Publishing Co. Pvt. Ltd India c2003 a909